000 00837cab a2200277 4500
001 X1000
008 090401t1993 xxu||||| |||| 00| 0 eng d
035 _a(Sirsi) u14049
041 _aeng
245 _aAgriculture and England`s Environment
260 _c1993
350 _a0
490 _aRural Practice Bulletin
_vJuly/August 1993, 6-11(6)
520 _aOutlines seven new environmental meausures announced by the government, to extend the range of environmental incentives available to farmers.
650 _aAGRI-ENVIRONMENT PACKAGE
650 _aCOUNTRYSIDE ACCESS SCHEME
650 _aESAS
650 _aHABITAT SCHEME
650 _aMOORLAND SCHEME
650 _aNITRATE SENSITIVE AREAS
650 _aORGANIC AID SCHEME
650 _aSET-ASIDE
690 _aRURAL PRACTICE
942 _n0
948 _c04/03/1997
999 _c9105
_d9105